000 00786cam a22002651 4500
001 sa 68018930
003 DLC
005 20260227112715.0
008 941101s1956 ce d 000 0 sino
010 _asa 68018930
025 _aPL480:C-184
035 _a(OCoLC)31390565
040 _aDLC
_cCU
_dCU
_dDLC
041 0 _asnheng
050 0 0 _aRA423
_b.C37
110 1 _aCeylon.
_bDepartment of Swabhasha.
245 1 0 _aPāribhāṣika śabda mālāva: svasthatāva hā kāyika vidyāva.
260 _c[1956]
300 _a64 p.
_c25 cm.
500 _aEnglish or Sinhalese.
650 0 _aHygiene
_xDictionaries.
650 0 _aPhysiology
_xDictionaries.
650 0 _aEnglish language
_xDictionaries
_xSinhalese.
740 0 _aTechnical terms in Sinhalese: hygiene and physiology.
999 _c88721
_d88721